Movie Characters Tied Up Quiz Stats

Quiz not verified by Sporcle

Challenge
Share
Tweet
Score 0/25 Timer 08:00
1 Play Today
% Correct
Aladdin
91.9%
Gladiator
90%
Tangled
83.2%
Indiana Jones and the Last Crusade
82.9%
Saw
79.6%
Star Wars Episode VI: Return of the Jedi
79.5%
Thor: The Dark World
79.5%
The Emperor's New Groove
74.8%
Gulliver's Travels
73.1%
O Brother, Where Art Thou?
72%
Life of Brian
69%
Pineapple Express
64.2%
The Incredible Hulk
59.6%
% Correct
King Kong
55%
The Mummy
50.4%
Cliffhanger
49.4%
Apocalypto
43.6%
Amistad
43.4%
Oblivion
42.7%
Honey, I Blew Up the Kid
38.1%
Deliverance
36.5%
Brazil
34.3%
Kiss Kiss Bang Bang
27%
Hard Candy
24.1%
Prisoners
23.9%

You're not logged in!

Compare scores with friends on all Sporcle quizzes.
Sign Up with Email
OR
Log In

You Might Also Like...

Show Comments

Extras

Top Quizzes Today


Score Distribution

Your Account Isn't Verified!

In order to create a playlist on Sporcle, you need to verify the email address you used during registration. Go to your Sporcle Settings to finish the process.